| 000 | 00407nam a22001817a 4500 | ||
|---|---|---|---|
| 999 |
_c259908 _d259907 |
||
| 003 | OSt | ||
| 005 | 20230328154822.0 | ||
| 008 | 230328b xxu||||| |||| 00| 0 eng d | ||
| 020 | _a9789966440150 | ||
| 040 |
_aDLC _cDLC _dDLC |
||
| 050 |
_aTT185 _b.K53 2010 |
||
| 110 | _aKLB | ||
| 245 | _aWoodwork | ||
| 250 | _bLevel 3 | ||
| 260 |
_aNairobi, Kenya _bKlb _c2010 |
||
| 300 | _axi;188p | ||
| 942 |
_2lcc _cBK |
||